[Event "Moscow Open C University Men"]
[Site "Moscow RUS"]
[Date "2011.01.29"]
[Round "1.25"]
[White "Shlegin, Stanislav"]
[Black "Kvasov, Sergey"]
[Result "1-0"]
[WhiteTitle "FM"]
[WhiteElo "2326"]
[BlackElo "1961"]
[WhiteFideId "24112089"]
[BlackFideId "24145939"]
[EventDate "2011.01.29"]

1. d4 f5 2. Nc3 d5 3. Bg5 h6 4. Bf4 e6 5. e3 Nf6 6. Nf3 Bd6 7. Ne5 Bxe5 8. dxe5
Ne4 9. Nxe4 dxe4 10. Qh5+ Kf8 11. g4 Qe7 12. O-O-O Nc6 13. g5 Qf7 14. Qxf7+ Kxf7
15. gxh6 g5 16. Bg3 Rxh6 17. Bb5 Ke8 18. h4 gxh4 19. Bxh4 Bd7 20. Bf6 Rxh1 21.
Rxh1 Rc8 22. Rh8+ Kf7 23. Rh7+ Ke8 24. Be2 Nb8 25. Rh8+ Kf7 26. Bh5# 1-0

[Event "Moscow Open C University Men"]
[Site "Moscow RUS"]
[Date "2011.01.29"]
[Round "1.26"]
[White "Babkin, Ivan"]
[Black "Krivenko, Sergey"]
[Result "0-1"]
[WhiteElo "1953"]
[BlackElo "2326"]
[WhiteFideId "24142433"]
[BlackFideId "24124753"]
[EventDate "2011.01.29"]

1. d4 e6 2. Nc3 d5 3. e4 Bb4 4. f3 dxe4 5. a3 Ba5 6. Be3 c5 7. dxc5 Bxc3+ 8.
bxc3 Qa5 9. Qd4 Nf6 10. Qb4 Qc7 11. fxe4 Nc6 12. Qc4 Ng4 13. Bd2 Nxh2 14. Qe2
Qe5 15. Rb1 Nxf1 16. Kxf1 Qxc5 17. Nf3 e5 18. a4 Be6 19. Ke1 Bc4 20. Qe3 Qe7 21.
Kf2 O-O-O 22. Be1 g6 23. Nd2 Be6 24. Kf1 Rd7 25. a5 f5 26. a6 b6 27. Bf2 Qd6 28.
Ke1 h5 29. Qe2 f4 30. Nf3 Na5 31. Qb5 Nc4 32. Ke2 Na3 33. Qxe5 Bc4+ 34. Ke1
Nxc2# 0-1

[Event "Moscow Open C University Men"]
[Site "Moscow RUS"]
[Date "2011.01.29"]
[Round "1.27"]
[White "Kurukin, Dmitry"]
[Black "Isaev, Evgeny"]
[Result "1-0"]
[WhiteElo "2313"]
[BlackElo "1940"]
[WhiteFideId "24113174"]
[BlackFideId "4176383"]
[EventDate "2011.01.29"]

1. d4 Nf6 2. c4 e6 3. Nf3 d5 4. g3 c6 5. Bg2 Nbd7 6. O-O Bd6 7. Qc2 O-O 8. Rd1
Qe7 9. Nbd2 Rd8 10. e4 Nxe4 11. Nxe4 dxe4 12. Qxe4 Nf6 13. Qh4 b6 14. Bg5 h6 15.
Bxf6 Qxf6 16. Ne5 Qxh4 17. gxh4 Bxe5 18. dxe5 Bb7 19. Rd6 Rxd6 20. exd6 Rd8 21.
Rd1 Ba8 22. b4 c5 23. Bxa8 Rxa8 24. bxc5 bxc5 25. Kg2 Rd8 26. h5 Kf8 27. Kf3 f6
28. Ke4 Ke8 29. f4 Kd7 30. f5 Kc6 31. fxe6 Rxd6 32. Rxd6+ Kxd6 33. e7 Kxe7 34.
Kd5 Kd7 35. Kxc5 Kc7 36. Kd5 Kd7 37. c5 Kc7 38. c6 a6 39. Kc5 a5 40. Kd5 a4 41.
a3 Kc8 42. Kd6 Kd8 43. c7+ Kc8 44. h3 1-0

[Event "Moscow Open C University Men"]
[Site "Moscow RUS"]
[Date "2011.01.29"]
[Round "1.28"]
[White "Seliverstov, Vladimir"]
[Black "Kyupriyski, Borislav"]
[Result "1-0"]
[WhiteTitle "FM"]
[WhiteElo "2304"]
[BlackElo "1922"]
[WhiteFideId "4192036"]
[BlackFideId "2910993"]
[EventDate "2011.01.29"]

1. d4 d5 2. Nf3 Nf6 3. c4 g6 4. cxd5 Nxd5 5. e4 Nb6 6. Nc3 Bg4 7. Be3 Bg7 8. Be2
N8d7 9. Qb3 O-O 10. O-O e6 11. Rfd1 Qe7 12. Rac1 c6 13. a4 e5 14. dxe5 Be6 15.
Qc2 Nxe5 16. Nxe5 Bxe5 17. a5 Nc4 18. Bxc4 Bxc4 19. Na4 Be6 20. Bc5 Qh4 21. g3
Qh3 22. Bxf8 Rxf8 23. f4 Bxf4 24. gxf4 Bb3 25. Qg2 Qxg2+ 26. Kxg2 Bxa4 27. Rd7
Rb8 28. Rc4 Bb5 29. Rcd4 Kg7 30. Rd8 Rxd8 31. Rxd8 c5 32. Kf3 Kf6 33. Rc8 c4 34.
Rc7 Ba6 35. Ke3 Ke6 36. Kd4 h6 37. Rc8 Bb5 38. Kc5 Bc6 39. a6 Bxe4 40. Re8+ Kf5
41. Rxe4 1-0

[Event "Moscow Open C University Men"]
[Site "Moscow RUS"]
[Date "2011.01.29"]
[Round "1.29"]
[White "Protasov, Alexey"]
[Black "Oganisjn, Roman"]
[Result "0-1"]
[WhiteElo "1914"]
[BlackElo "2293"]
[WhiteFideId "24114561"]
[BlackFideId "4153006"]
[EventDate "2011.01.29"]

1. c4 Nf6 2. d4 c5 3. d5 d6 4. Nc3 e5 5. e4 Be7 6. Bd3 O-O 7. Nge2 Nh5 8. Qc2
Bg5 9. O-O g6 10. Nb5 Bxc1 11. Qxc1 a6 12. Nbc3 Nd7 13. Qh6 Qf6 14. Ng3 Nf4 15.
Rad1 Nxd3 16. Rxd3 Qf4 17. Qxf4 exf4 18. Nge2 Ne5 19. Rdd1 f3 20. Ng3 Nxc4 21.
gxf3 Nxb2 22. Rb1 Nc4 23. Rfd1 b5 24. Kg2 b4 25. Na4 Bd7 26. Rdc1 Na3 27. Nb6
Nxb1 28. Nxa8 Nc3 29. Nb6 Bb5 30. a4 Nxa4 31. Nxa4 Bxa4 32. Nf1 b3 33. Nd2 Rb8
34. Rb1 b2 35. Nc4 Bc2 36. Rxb2 Rxb2 37. Nxb2 a5 38. Nc4 a4 0-1

[Event "Moscow Open C University Men"]
[Site "Moscow RUS"]
[Date "2011.01.29"]
[Round "1.30"]
[White "Dusenov, Ruslan"]
[Black "Koltunovsky, Evgeny"]
[Result "1-0"]
[WhiteElo "2285"]
[BlackElo "1806"]
[WhiteFideId "4160770"]
[BlackFideId "24101257"]
[EventDate "2011.01.29"]

1. e4 c5 2. d4 cxd4 3. c3 dxc3 4. Nxc3 Nc6 5. Nf3 d6 6. Bc4 e6 7. O-O Nf6 8. Bg5
Be7 9. Qe2 a6 10. Rad1 e5 11. h3 O-O 12. Rd2 Be6 13. Rfd1 Ne8 14. Be3 Rc8 15.
Bxe6 fxe6 16. Na4 Qa5 17. b3 b5 18. Bb6 Qb4 19. Nb2 Nf6 20. Ng5 Nd7 21. Be3 Bxg5
22. Bxg5 Nd4 23. Qg4 Nf6 24. Rxd4 exd4 25. Qxe6+ Kh8 26. Bxf6 gxf6 27. Nd3 Qa3
28. Rd2 Qa5 29. b4 Qc7 30. Rd1 Rce8 31. Qd5 Qc2 32. Qh5 Rxe4 33. Kh2 Qe2 34. Qh6
Ree8 35. Rd2 Qe4 36. Nf4 Qf5 37. h4 Rg8 38. Rxd4 Qe5 39. Rd5 Qe7 40. h5 Qf8 41.
Ng6+ Rxg6 42. Qxf8+ Rxf8 43. hxg6 Rd8 44. Rh5 Rd7 45. Kg3 Rg7 46. Rxh7+ Rxh7 47.
gxh7 Kxh7 48. Kf4 Kg7 49. Ke4 Kf7 50. Kd5 Ke7 51. g4 Kd7 52. f3 Ke7 53. f4 Kd7
54. f5 Kc7 55. Ke6 Kc6 56. g5 1-0

[Event "Moscow Open C University Men"]
[Site "Moscow RUS"]
[Date "2011.01.29"]
[Round "1.31"]
[White "Shikin, Sergey"]
[Black "Rozhkov, Vecheslav"]
[Result "0-1"]
[WhiteElo "1797"]
[BlackElo "2268"]
[WhiteFideId "4140060"]
[BlackFideId "4181484"]
[EventDate "2011.01.29"]

1. e4 c5 2. Nc3 Nc6 3. f4 g6 4. Nf3 Bg7 5. Bc4 a6 6. a4 e6 7. f5 Ne5 8. Nxe5
Bxe5 9. O-O gxf5 10. d3 Qh4 11. g3 Bxg3 12. hxg3 Qxg3+ 13. Kh1 Qh3+ 14. Kg1 Nf6
15. Qf3 Rg8+ 16. Kf2 Rg3 17. Qh1 Ng4+ 18. Ke1 Nh2 19. Bf4 Nxf1 20. Qxf1 Qxf1+
21. Kxf1 Rf3+ 0-1

[Event "Moscow Open C University Men"]
[Site "Moscow RUS"]
[Date "2011.01.29"]
[Round "1.32"]
[White "Vetryansky, Vladimir"]
[Black "Partskhaladze, David"]
[Result "1-0"]
[WhiteElo "2244"]
[BlackElo "1755"]
[WhiteFideId "24118613"]
[BlackFideId "24133787"]
[EventDate "2011.01.29"]

1. e4 e6 2. d3 d5 3. Nd2 Nf6 4. e5 Nfd7 5. f4 c5 6. g3 f6 7. Ngf3 Nc6 8. exf6
Nxf6 9. Qe2 Bd6 10. c3 O-O 11. Ne5 Bxe5 12. fxe5 Nd7 13. Nf3 b5 14. Bh3 Nb6 15.
Bd2 Bd7 16. O-O Qc7 17. Bf4 a5 18. Rf2 Rae8 19. Raf1 Bc8 20. Bg4 Ne7 21. Bh5 g6
22. Bg4 Nf5 23. h4 Bb7 24. Bh3 d4 25. g4 Nd5 26. Ng5 Nxf4 27. Rxf4 Ng3 28. Rxf8+
Rxf8 29. Rxf8+ Kxf8 30. Qf2+ 1-0

[Event "Moscow Open C University Men"]
[Site "Moscow RUS"]
[Date "2011.01.30"]
[Round "2.1"]
[White "Polschikov, Alexey"]
[Black "Popov, Ivan RUS"]
[Result "1/2-1/2"]
[WhiteTitle "FM"]
[BlackTitle "GM"]
[WhiteElo "2380"]
[BlackElo "2609"]
[WhiteFideId "24130583"]
[BlackFideId "4170350"]
[EventDate "2011.01.29"]

1. e4 c6 2. d4 d5 3. Nc3 dxe4 4. Nxe4 Bf5 5. Ng3 Bg6 6. h4 h6 7. Nf3 Nd7 8. h5
Bh7 9. Bd3 Bxd3 10. Qxd3 e6 11. Bf4 Qa5+ 12. Bd2 Bb4 13. c3 Be7 14. c4 Qc7 15.
d5 cxd5 16. cxd5 Qd6 17. Qb3 Ngf6 18. dxe6 Qxe6+ 19. Qxe6 fxe6 20. Rc1 Kf7 21.
Ke2 Bd6 22. Nf1 Rac8 23. Ne3 Rxc1 24. Bxc1 Rc8 25. Bd2 Bf4 26. Ne1 Rc5 27. Rh4
Bxe3 28. Bxe3 Ra5 29. a3 b6 30. g4 Ra4 31. f3 Rc4 32. Rh1 e5 33. Rg1 Nd5 34. Bd2
b5 35. b3 Rd4 36. Nc2 Nf4+ 37. Bxf4 Rxf4 38. Rd1 Ke6 39. Ne3 e4 40. fxe4 Nf6 41.
Rg1 Rxe4 42. Kf3 Ke5 43. g5 Rf4+ 44. Ke2 Nxh5 45. gxh6 gxh6 46. Ng4+ Kd4 47.
Nxh6 Rf6 48. Ng4 Nf4+ 49. Kd2 Rg6 50. Nh2 Rd6 51. Kc2 Rh6 52. Rd1+ Ke4 53. Re1+
Kd5 54. Rd1+ Kc5 55. Nf3 Rh3 56. Ne5 1/2-1/2

[Event "Moscow Open C University Men"]
[Site "Moscow RUS"]
[Date "2011.01.30"]
[Round "2.2"]
[White "Ponkratov, Pavel"]
[Black "Dimukhametov, Artur"]
[Result "1-0"]
[WhiteTitle "GM"]
[BlackTitle "FM"]
[WhiteElo "2581"]
[BlackElo "2354"]
[WhiteFideId "4157800"]
[BlackFideId "4195680"]
[EventDate "2011.01.29"]

1. e4 e6 2. d4 d5 3. Nc3 dxe4 4. Nxe4 Nd7 5. Nf3 Ngf6 6. Nxf6+ Nxf6 7. Ne5 a6 8.
Be3 Nd5 9. Bd2 c5 10. Qf3 Qc7 11. O-O-O cxd4 12. Re1 Bb4 13. Bxb4 Nxb4 14. Qb3
Nc6 15. Nxc6 bxc6 16. Qa4 Qf4+ 17. Kb1 Bd7 18. Qa3 Qg5 19. Qd6 Qd5 20. Qg3 O-O
21. Re5 Qd6 22. Bd3 g6 23. f4 f6 24. Ree1 f5 25. h4 Kf7 26. h5 Rh8 27. Qh4 c5
28. Bc4 Kg7 29. g4 fxg4 30. f5 gxf5 31. Qg5+ Kf7 32. Qxf5+ Ke7 33. Qg5+ Ke8 34.
Rhf1 Qe7 35. Qe5 Rg8 36. Rf6 Kd8 37. Qf4 g3 38. Rf7 g2 39. Rxe7 Kxe7 40. Qh4+
Kd6 41. Qh2+ Ke7 42. Rg1 1-0

[Event "Moscow Open C University Men"]
[Site "Moscow RUS"]
[Date "2011.01.30"]
[Round "2.3"]
[White "Tilicheev, Viacheslav"]
[Black "Novikov, Stanislav"]
[Result "1/2-1/2"]
[WhiteTitle "FM"]
[BlackTitle "GM"]
[WhiteElo "2338"]
[BlackElo "2568"]
[WhiteFideId "24114928"]
[BlackFideId "4125371"]
[EventDate "2011.01.29"]

1. d4 g6 2. Nf3 Bg7 3. c4 d6 4. Nc3 Bg4 5. e3 Nf6 6. h3 Bf5 7. g4 Bc8 8. Bg2 h5
9. g5 Nfd7 10. e4 c5 11. Be3 O-O 12. Qd2 cxd4 13. Bxd4 Ne5 14. Nxe5 Bxe5 1/2-1/2

[Event "Moscow Open C University Men"]
[Site "Moscow RUS"]
[Date "2011.01.30"]
[Round "2.4"]
[White "Gutenev, Alexander"]
[Black "Papin, Vasily"]
[Result "1/2-1/2"]
[WhiteTitle "FM"]
[BlackTitle "IM"]
[WhiteElo "2328"]
[BlackElo "2568"]
[WhiteFideId "4195540"]
[BlackFideId "4143183"]
[EventDate "2011.01.29"]

1. e4 c5 2. Nf3 e6 3. d4 cxd4 4. Nxd4 a6 5. Nc3 d6 6. Be2 b5 7. O-O Bb7 8. Bf3
Nd7 9. a4 b4 10. Na2 a5 11. c3 bxc3 12. Nxc3 Ngf6 13. Re1 Qb8 14. Ndb5 Be7 15.
b3 Nc5 16. Bf4 e5 17. Bg5 Ra6 18. Bxf6 Bxf6 19. Be2 O-O 20. Bc4 Ne6 21. Nd5 Bd8
22. Rc1 Kh8 23. Rc3 g6 24. Rd3 Nc5 25. Rd2 Bg5 26. f4 exf4 27. Nd4 Ra7 28. Nf3
Bh6 29. Nc3 Bg7 30. Qc2 Ba6 31. Bxa6 Qxb3 32. Qxb3 Nxb3 33. Rxd6 Bxc3 34. Re2
Bb4 35. Rc6 Rd8 36. g3 fxg3 37. hxg3 Nc5 38. Bb5 Rd1+ 39. Kg2 Ra1 40. Ne5 Kg7
41. Bc4 Rxa4 42. Nxf7 Rxf7 43. Bxf7 Kxf7 44. e5 Ne6 45. Rf2+ Ke7 46. Rf6 Ra2+
47. Kf1 Ng5 48. Rc7+ Kd8 49. Rg7 Ne4 50. Rg8+ Kd7 51. Rg7+ Be7 52. Rxh7 Nxg3+
53. Kg1 Nf5 54. Rxg6 Re2 55. Ra6 Rxe5 56. Kf2 Rc5 57. Kf3 Nd4+ 58. Ke3 Nc6 59.
Kd2 Kd8 60. Rg7 Rd5+ 61. Kc1 Ba3+ 62. Kb1 Rb5+ 63. Ka2 Nb4+ 64. Kxa3 Nxa6 65.
Ka4 Rb1 66. Kxa5 Nc7 67. Rh7 Kc8 68. Ka4 Kb7 69. Rh6 Nb5 70. Rg6 Kc7 71. Rh6 Nd6
72. Ka3 Kc6 73. Ka4 Kc5 74. Rh5+ Kd4 75. Rh4+ Ne4 76. Rg4 Kd5 77. Rh4 Nc3+ 78.
Ka3 Ne4 79. Rh8 Kc4 80. Rh4 Re1 81. Rh8 Re3+ 82. Kb2 Re2+ 83. Ka3 Nc5 84. Rh4+
Kb5 85. Rb4+ Kc6 86. Rh4 Re3+ 87. Kb4 Ne6 88. Rg4 Kd5 89. Rh4 Nd4 90. Rh5+ Ke4
91. Rh8 Kd3 92. Kc5 Re5+ 93. Kd6 Rg5 94. Rh3+ Kc4 95. Rh1 Rd5+ 96. Ke7 Ra5 97.
Kd6 Ra6+ 98. Ke5 Re6+ 99. Kf4 Rf6+ 100. Ke5 Re6+ 101. Kf4 Re8 102. Kg5 Rf8 103.
Kg6 Kd5 104. Rh5+ 1/2-1/2

[Event "Moscow Open C University Men"]
[Site "Moscow RUS"]
[Date "2011.01.30"]
[Round "2.5"]
[White "Kharitonov, Alexandr"]
[Black "Shlegin, Stanislav"]
[Result "1-0"]
[WhiteTitle "GM"]
[BlackTitle "FM"]
[WhiteElo "2552"]
[BlackElo "2326"]
[WhiteFideId "4135202"]
[BlackFideId "24112089"]
[EventDate "2011.01.29"]

1. d4 Nf6 2. c4 g6 3. g3 Bg7 4. Bg2 O-O 5. Nc3 d6 6. Nf3 Nbd7 7. O-O c6 8. e4 e5
9. h3 Re8 10. Re1 exd4 11. Nxd4 Nc5 12. Bf4 Bf8 13. Qd2 Ne6 14. Nxe6 Bxe6 15. b3
Nh5 16. Bg5 Qa5 17. g4 f6 18. Be3 Ng7 19. Bd4 Be7 20. f4 Bf7 21. f5 g5 22. Rad1
Bd8 23. Kh1 Re5 24. Qb2 Be7 25. b4 Qc7 26. Bf1 b6 27. Rd2 Ne8 28. Red1 h5 29.
gxh5 Bxh5 30. Be2 Bxe2 31. Rxe2 Ng7 32. Bxe5 fxe5 33. c5 bxc5 34. Qb3+ Kh8 35.
bxc5 dxc5 36. Red2 Rd8 37. Qf7 Rf8 38. Rd7 Qxd7 39. Qxf8+ Bxf8 40. Rxd7 c4 41.
Rd8 Kg8 42. Rc8 1-0

[Event "Moscow Open C University Men"]
[Site "Moscow RUS"]
[Date "2011.01.30"]
[Round "2.6"]
[White "Krivenko, Sergey"]
[Black "Evdokimov, Alexander A."]
[Result "0-1"]
[BlackTitle "GM"]
[WhiteElo "2326"]
[BlackElo "2551"]
[WhiteFideId "24124753"]
[BlackFideId "4139275"]
[EventDate "2011.01.29"]

1. d4 Nf6 2. c4 g6 3. Nc3 d5 4. Qb3 dxc4 5. Qxc4 Bg7 6. e4 O-O 7. Be2 Na6 8. Nf3
c5 9. d5 e6 10. O-O exd5 11. exd5 Re8 12. Rd1 Bf5 13. Nh4 Bd7 14. Be3 Qb6 15. h3
Re7 16. Nf3 Ne8 17. Rd2 Nd6 18. Qb3 Rxe3 19. fxe3 Bh6 20. Bxa6 Bxe3+ 21. Kh1
Qxa6 22. Re2 Re8 23. g4 f5 24. Nh2 f4 25. Rae1 b5 26. Qc2 Qb7 27. Nf1 b4 28.
Nxe3 fxe3 29. Nd1 Qxd5+ 30. Rg2 Bc6 31. Nxe3 Qf3 0-1

[Event "Moscow Open C University Men"]
[Site "Moscow RUS"]
[Date "2011.01.30"]
[Round "2.7"]
[White "Oganisjn, Roman"]
[Black "Potapov, Pavel"]
[Result "0-1"]
[BlackTitle "IM"]
[WhiteElo "2293"]
[BlackElo "2470"]
[WhiteFideId "4153006"]
[BlackFideId "4169786"]
[EventDate "2011.01.29"]

1. Nf3 d5 2. Nc3 Nf6 3. d4 c6 4. e3 Bf5 5. Bd3 e6 6. O-O Nbd7 7. Re1 Ne4 8. Nd2
Nxc3 9. bxc3 Be7 10. Bxf5 exf5 11. c4 Nf6 12. cxd5 cxd5 13. c4 O-O 14. Qb3 b6
15. Bb2 Bd6 16. Nf3 dxc4 17. Qxc4 Re8 18. Rad1 Rc8 19. Qd3 Ne4 20. d5 Rc5 21. g3
Qd7 22. Re2 Rec8 23. Nh4 g6 24. Ng2 Qa4 25. Qb1 Qb5 26. Qd3 Qxd3 27. Rxd3 Rc2
28. Rxc2 Rxc2 29. Rb3 Nxf2 30. Nf4 Ne4 31. Nd3 h5 32. a4 h4 33. Be5 Bxe5 34.
Nxe5 0-1

[Event "Moscow Open C University Men"]
[Site "Moscow RUS"]
[Date "2011.01.30"]
[Round "2.8"]
[White "Nakhapetiane, Pogos"]
[Black "Kurukin, Dmitry"]
[Result "1-0"]
[WhiteTitle "FM"]
[WhiteElo "2469"]
[BlackElo "2313"]
[WhiteFideId "4166728"]
[BlackFideId "24113174"]
[EventDate "2011.01.29"]

1. e4 c5 2. Nf3 d6 3. d4 cxd4 4. Nxd4 Nf6 5. Nc3 a6 6. h3 e6 7. g4 Be7 8. Bg2
Nfd7 9. Be3 Nc6 10. Qd2 O-O 11. O-O-O Nde5 12. b3 Nxd4 13. Bxd4 Ng6 14. Rhe1 Bd7
15. Be3 Qc7 16. f4 Rfc8 17. Ne2 a5 18. Kb1 a4 19. b4 a3 20. c3 Qc6 21. g5 Qa6
22. Nd4 Ba4 23. Rc1 e5 24. Bf1 b5 25. Nf5 Bf8 26. h4 Re8 27. h5 Nxf4 28. Bxf4
exf4 29. Qxf4 Re5 30. Bd3 Rae8 31. Ne3 Be7 32. Rg1 Bd8 33. Nd5 g6 34. Nf6+ Bxf6
35. gxf6 Rxh5 36. Be2 Rh3 37. Rh1 Rxh1 38. Rxh1 Qc6 39. Qh6 1-0

[Event "Moscow Open C University Men"]
[Site "Moscow RUS"]
[Date "2011.01.30"]
[Round "2.9"]
[White "Rozhkov, Vecheslav"]
[Black "Sharafiev, Azat"]
[Result "0-1"]
[BlackTitle "FM"]
[WhiteElo "2268"]
[BlackElo "2462"]
[WhiteFideId "4181484"]
[BlackFideId "4186214"]
[EventDate "2011.01.29"]

1. e4 c5 2. Nf3 d6 3. d4 cxd4 4. Nxd4 Nf6 5. Nc3 Nc6 6. Bc4 e6 7. Be3 a6 8. Qe2
Qc7 9. Bb3 Be7 10. O-O-O b5 11. f3 Na5 12. Kb1 Nxb3 13. cxb3 O-O 14. g4 Nd7 15.
Rc1 Qb7 16. h4 b4 17. Nc6 Qxc6 18. Nd5 Qxc1+ 19. Rxc1 exd5 20. exd5 Ne5 21. Bd4
Bf6 22. g5 Bf5+ 23. Ka1 Nd3 24. gxf6 Nxc1 25. Qg2 Bg6 26. h5 Rfe8 27. hxg6 hxg6
28. Qd2 Rac8 29. Be3 gxf6 30. Kb1 a5 31. Qd4 Ne2 32. Qd3 Rxe3 0-1

[Event "Moscow Open C University Men"]
[Site "Moscow RUS"]
[Date "2011.01.30"]
[Round "2.10"]
[White "Bagrationi, Alexander"]
[Black "Seliverstov, Vladimir"]
[Result "1-0"]
[WhiteTitle "IM"]
[BlackTitle "FM"]
[WhiteElo "2459"]
[BlackElo "2304"]
[WhiteFideId "14104954"]
[BlackFideId "4192036"]
[EventDate "2011.01.29"]

1. d4 Nf6 2. c4 g6 3. Nc3 Bg7 4. e4 d6 5. Be2 O-O 6. Bg5 c5 7. d5 a6 8. a4 Qa5
9. Bd2 e6 10. Nf3 exd5 11. cxd5 Bg4 12. O-O Qc7 13. Bf4 Bxf3 14. Bxf3 Nbd7 15.
a5 Rfe8 16. Qa4 Rab8 17. b4 cxb4 18. Qxb4 Nc5 19. Rac1 b5 20. Rfd1 Nfd7 21. Ne2
Ne5 22. Bxe5 Bxe5 23. Nd4 Bxd4 24. Rxd4 Qe7 25. g3 Rbc8 26. Rc3 Na4 27. Rc6 Nc5
28. Bg2 Qd7 29. f4 f6 30. h4 Red8 31. e5 fxe5 32. fxe5 dxe5 33. Rd2 Qa7 34. Kh2
Rxc6 35. dxc6 Rxd2 36. Qxd2 Qe7 37. Bh3 e4 38. Qd5+ Kg7 39. Bd7 Nxd7 40. c7 Nf6
41. Qb7 Ng4+ 42. Kh3 Qf6 43. c8=Q+ Kh6 44. Qc1+ e3 45. Qd5 1-0

[Event "Moscow Open C University Men"]
[Site "Moscow RUS"]
[Date "2011.01.30"]
[Round "2.11"]
[White "Nozdrachev, Vladislav"]
[Black "Dusenov, Ruslan"]
[Result "1-0"]
[WhiteTitle "FM"]
[WhiteElo "2438"]
[BlackElo "2285"]
[WhiteFideId "24113441"]
[BlackFideId "4160770"]
[EventDate "2011.01.29"]

1. e4 c5 2. Nf3 Nc6 3. Bb5 g6 4. Bxc6 dxc6 5. d3 Bg7 6. h3 Nf6 7. Nc3 O-O 8. Bf4
b5 9. O-O Be6 10. Be5 c4 11. Qe2 cxd3 12. cxd3 Nh5 13. Bxg7 Kxg7 14. Qe3 Qd6 15.
e5 Qb4 16. Ne4 Bd5 17. a3 Qxb2 18. Rfb1 Qc2 19. Nd4 Qa4 20. Nc3 Qa6 21. Nxd5
cxd5 22. g4 Nf6 23. exf6+ Qxf6 24. Nxb5 a6 25. Nd4 Rac8 26. Re1 Kg8 27. Rac1 e6
28. Nc6 Rfe8 29. g5 Qb2 30. Ne7+ 1-0

[Event "Moscow Open C University Men"]
[Site "Moscow RUS"]
[Date "2011.01.30"]
[Round "2.12"]
[White "Kartsev, Sergei"]
[Black "Efanov, Nikolai"]
[Result "0-1"]
[BlackTitle "IM"]
[WhiteElo "2112"]
[BlackElo "2421"]
[WhiteFideId "24103853"]
[BlackFideId "4187997"]
[EventDate "2011.01.29"]

1. e4 c5 2. Nf3 d6 3. d4 cxd4 4. Nxd4 Nf6 5. Nc3 a6 6. Bg5 e6 7. f4 Qc7 8. Bxf6
gxf6 9. Qd2 Nc6 10. O-O-O Bd7 11. Be2 h5 12. Rhf1 O-O-O 13. Kb1 Kb8 14. Rf3 Rc8
15. Nxc6+ Bxc6 16. Rh3 Qa5 17. g4 Qc5 18. Bf3 b5 19. Ne2 Bb7 20. Ng3 h4 21. Nh5
Be7 22. f5 e5 23. Bg2 b4 24. Rxh4 d5 25. exd5 Rhd8 26. Rh3 Bxd5 27. Bxd5 Rxd5
28. Rd3 Rxd3 29. Qxd3 Rd8 30. Qe2 Rxd1+ 31. Qxd1 Qf2 32. Qh1 e4 33. Ng3 e3 34.
Ne4 Qh4 35. Qg1 Bc5 0-1

[Event "Moscow Open C University Men"]
[Site "Moscow RUS"]
[Date "2011.01.30"]
[Round "2.13"]
[White "Turutin, Alexander"]
[Black "Vetryansky, Vladimir"]
[Result "1-0"]
[WhiteTitle "FM"]
[WhiteElo "2408"]
[BlackElo "2244"]
[WhiteFideId "4180623"]
[BlackFideId "24118613"]
[EventDate "2011.01.29"]

1. e4 e5 2. Nf3 Nc6 3. Bb5 Nf6 4. O-O Nxe4 5. d4 Nd6 6. Bxc6 dxc6 7. dxe5 Nf5 8.
Qxd8+ Kxd8 9. h3 h6 10. Nc3 Be7 11. Ne4 Be6 12. g4 Nh4 13. Nxh4 Bxh4 14. Nc5 Bc8
15. Bf4 Be7 16. Ne4 Be6 17. Be3 Ke8 18. b3 Bd5 19. Ng3 g6 20. f3 c5 21. c4 Bc6
22. Rad1 Rd8 23. Kg2 h5 24. Ne2 Rxd1 25. Rxd1 hxg4 26. hxg4 b6 27. Nc3 f6 28.
Bf4 fxe5 29. Bxe5 Rf8 30. Nd5 Bd6 31. Bxd6 cxd6 32. Re1+ Kd7 33. Re7+ Kd8 34.
Re6 Bxd5 35. cxd5 Re8 36. Rxd6+ Kc7 37. Rxg6 Re2+ 38. Kg3 Rxa2 39. g5 Kd7 40.
Kf4 b5 41. Rc6 c4 42. bxc4 b4 43. Rc5 Re2 44. g6 Ke7 45. Kf5 b3 46. Rc7+ Kd6 47.
Rb7 b2 48. g7 Rg2 49. Kf6 1-0

[Event "Moscow Open C University Men"]
[Site "Moscow RUS"]
[Date "2011.01.30"]
[Round "2.14"]
[White "Guseinov, Djelal"]
[Black "Aldokhin, Ivan"]
[Result "0-1"]
[BlackTitle "IM"]
[WhiteElo "1997"]
[BlackElo "2391"]
[WhiteFideId "4106571"]
[BlackFideId "24115720"]
[EventDate "2011.01.29"]

1. Nf3 Nf6 2. c4 c5 3. Nc3 e6 4. g3 b6 5. Bg2 Bb7 6. O-O Be7 7. Re1 d6 8. e4 O-O
9. d4 cxd4 10. Nxd4 Qc8 11. b3 a6 12. Bb2 Nbd7 13. Rc1 g6 14. Qd2 Re8 15. Ba3
Qc7 16. Nd5 exd5 17. cxd5 Qd8 18. Nc6 Bxc6 19. dxc6 Nc5 20. c7 Qxc7 21. e5 dxe5
22. Bxa8 Rxa8 23. Qe2 a5 24. Bb2 e4 25. Bxf6 Bxf6 26. Qxe4 Rd8 27. Qf3 Bd4 28.
Rcd1 Ne6 29. Qg4 Qc5 30. Qe2 Rd5 31. Rc1 Qd6 32. Kh1 h5 33. h4 Kg7 34. Kg2 Rf5
35. Rf1 Qd5+ 36. Kh2 Rf3 37. Rc2 Qf5 38. Kg2 Nf4+ 39. gxf4 Qg4+ 0-1

[Event "Moscow Open C University Men"]
[Site "Moscow RUS"]
[Date "2011.01.30"]
[Round "2.15"]
[White "Ovetchkin, Roman"]
[Black "Myshkin, Nikita"]
[Result "1-0"]
[WhiteTitle "GM"]
[WhiteElo "2498"]
[BlackElo "2174"]
[WhiteFideId "4119991"]
[BlackFideId "4124561"]
[EventDate "2011.01.29"]

1. e4 c5 2. Nf3 d6 3. d4 cxd4 4. Nxd4 Nf6 5. Nc3 Nc6 6. h3 e6 7. g4 Be7 8. g5
Nd7 9. h4 a6 10. Be3 Qc7 11. Be2 b5 12. Nxc6 Qxc6 13. Qd4 O-O 14. O-O-O Rb8 15.
h5 Re8 16. h6 Bf8 17. hxg7 Bxg7 18. Qxd6 Qxd6 19. Rxd6 Bf8 20. Rd2 Nb6 21. e5
Bb7 22. Rh4 b4 23. Nd1 Nd5 24. Bd3 Be7 25. f4 Red8 26. Rdh2 Nxe3 27. Nxe3 Bc5
28. Ng4 Kf8 29. Rxh7 Bf3 30. Nh6 Be3+ 31. Kb1 Rbc8 32. Rh8+ Kg7 33. Rxd8 Rxd8
34. Rh3 1-0